Documentos de un proceso de reforma policial en Centroamérica /
Guardado en:
| Hovedforfatter: | |
|---|---|
| Andre forfattere: | |
| Format: | Texto |
| Udgivet: |
San José:
Comisión Europea
|
| Tags: |
Tilføj Tag
Ingen Tags, Vær først til at tagge denne postø!
|
MARC
| LEADER | 00000 a a2200000 04500 | ||
|---|---|---|---|
| 001 | 22782 | ||
| 003 | |||
| 040 | |||
| 090 | |a 156500 | ||
| 100 | |a Chinchilla Miranda, Laura | ||
| 245 | |a Documentos de un proceso de reforma policial en Centroamérica / |c Laura Chinchilla Miranda | ||
| 260 | |a San José: |b Comisión Europea | ||
| 300 | |a 345 p |b **no definido** | ||
| 700 | |a edit | ||
| 999 | |c 10499 |d 10499 | ||
